| 000 | 01229pam a2200349 i 4500 | ||
|---|---|---|---|
| 999 |
_c27072 _d27044 |
||
| 001 | 015830887 | ||
| 003 | Uk | ||
| 005 | 20190207101432.0 | ||
| 008 | 110617s2012 enkabcf b 001|0 eng|d | ||
| 015 |
_aGBB175643 _2bnb |
||
| 016 | 7 |
_a015830887 _2Uk |
|
| 020 | _a9781848857094 (hbk.) : | ||
| 020 | _a1848857098 (hbk.) : | ||
| 040 |
_aStDuBDS _beng _cStDuBDS _dEG-ScBUE |
||
| 082 | 0 | 4 |
_a962.04 _223 _bMAK |
| 100 | 1 | _aMak, Lanver. | |
| 245 | 1 | 4 |
_aThe British in Egypt : _bcommunity, crime and crises 1822-1922 / _cLanver Mak. |
| 264 |
_aNew York: _bI.B.Tauris; _c2012. |
||
| 300 |
_axvi, 318 pages, [8] pages of plates : _billustration, map, ports. ; _c23 cm. |
||
| 336 |
_atext _2rdacontent |
||
| 337 |
_aunmediated _2rdamedia |
||
| 338 |
_avolume _2rdacarrier |
||
| 490 | 0 |
_aInternational library of historical studies ; _vv. 74 |
|
| 500 |
_aFormerly CIP. _5Uk |
||
| 504 | _aIncludes bibliographical references and index. | ||
| 540 |
_aCurrent Copyright Fee: GBP17.50 _c0 _5Uk |
||
| 650 | 7 |
_aBritish _zEgypt _xHistory _y19th century. _2BUEsh |
|
| 650 | 7 |
_aBritish _zEgypt _xHistory _y20th century. _2BUEsh |
|
| 651 | 7 |
_aEgypt _xHistory _yBritish occupation, 1882-1936. _928790 _2BUEsh |
|
| 653 | _cFebruary2019 | ||
| 942 |
_2ddc _cBB |
||